Counter Strike - Every G2 Player in history - Statistics

General Stats
  • This quiz has been taken 6 times
  • The average score is 28 of 39
Answer Stats
joined in Map played Total rating Highest rank Country Player % Correct
2022 78 0.93 3 Aleksib
100%
2019 575 1.02 1 amanek
100%
2017 286 1.08 2 apEX
100%
2015 93 0.96 7 fox
100%
2025 Still going 1.15 2 HeavyGod
100%
2022 277 0.87 1 HooXi
100%
2019 Still going 1.10 1 huNter
100%
2022 178 1.05 1 jks
100%
2017 887 1.11 1 KennyS
100%
2022 519 1.23 1 m0NESY
100%
2024 310 1.07 1 malbsMd
100%
2025 Still going 1.11 5 MATYS
100%
2026 Still going 1.23 12 NertZ
100%
2019 558 1.03 1 nexa
100%
2020 695 1.20 1 NiKo
100%
2015 86 0.93 7 rain
100%
2016 230 1.16 2 ScreaM
100%
2016 750 1.13 2 shox
100%
2024 175 0.88 1 Snax
100%
2025 Still going 1.05 5 SunPayus
100%
2025 31 1.00 6 hades
80%
2018 689 1.03 1 JACKZ
80%
2018 201 1.02 7 Lucky
80%
2017 286 1.06 2 NBK
80%
2016 227 1.03 2 RpK
80%
2016 326 0.97 2 SmithZz
80%
2016 608 1.01 2 bodyy
60%
2016 154 1.08 8 Ex6TenZ
60%
2015 75 0.99 7 jkaem
40%
2015 95 0.84 7 Maikelele
40%
2018 46 1.06 9 mixwell
40%
2015 49 1.06 7 dennis
20%
2015 127 1.02 - innocent
20%
2015 102 1.05 - MICHU
20%
2015 28 0.93 - rallen
20%
2015 127 0.89 - SZPERO
20%
2015 42 1.02 8 aizy
0%
2015 122 0.95 - MINISE
0%
2015 127 0.97 - mouz
0%
No matching quizzes found
Score Distribution
Percent of People with Each Score
Percentile by Number Answered
Your Score History
You have not taken this quiz